[Event "Uruguayan-ch Final 2021"]
[Site "Montevideo"]
[Date "2021.11.26"]
[Round "5.1"]
[White "Granara Barreto, Sebastian"]
[Black "Rodi, Luis Ernesto"]
[Result "0-1"]
[WhiteElo "2156"]
[BlackElo "2358"]
[Annotator "TA"]
[PlyCount "72"]
[EventDate "2021.11.22"]
[EventType "tourn"]
[EventCountry "URU"]
[SourceTitle "playchess.com"]
[Source "ChessBase"]
[SourceQuality "1"]

{[%evp 9,72,-20,-16,-17,-18,-7,0,4,57,-67,-19,-78,-77,-120,-115,-127,-141,-133,-118,-156,-54,-87,-13,-128,-55,-158,-170,-161,-148,-182,-185,-193,-118,-137,-123,-149,-140,-137,-139,-130,-132,-198,-204,-227,-215,-220,-148,-141,0,-152,-145,-241,-231,-185,-192,-187,-180,-180,-172,-360,-208,-371,-352,-753,-753]} 1. e4 e5 2. Nf3 Nc6 3. c3 d5 4. Qa4 f6 5. d3 Nge7 6. Be2 {C44: Ponziani Opening and Scotch Gambit.} g5 7. h3 Be6 8. Nbd2 {The position is equal.} Ng6 {[#]} (8... a6 $11) 9. exd5 $146 (9. d4 $1 $14) ({Predecessor:} 9. d4 Qd6 10. O-O O-O-O 11. c4 Nf4 12. Bd1 Bxh3 13. cxd5 Bxg2 14. dxc6 Bxf1 15. Qxa7 Qxc6 16. Nxf1 {1-0 (39) Glanville,C (2096)-Cole,S (1850) ICCF email 2011}) 9... Qxd5 10. Ne4 (10. d4 $11 {remains equal.}) 10... Be7 $1 $17 11. c4 Qd7 12. Be3 Nf4 13. Bxf4 gxf4 14. O-O-O {intending d4.} Bf5 (14... O-O-O $1 $17 15. Rhg1 Kb8) 15. Nc3 {[#] White wants to play d4.} Bc5 (15... O-O-O $1 $17 16. Nh4 Be6) 16. Nd5 {[#]} (16. Ne4 $11 Be7 17. Nh4) 16... O-O (16... O-O-O $1 $17 17. d4 Nxd4 18. Qxd7+ Rxd7 19. Nxd4 Bxd4) 17. Nh4 (17. g4 $15 fxg3 18. fxg3) 17... Be6 ({Wrong is} 17... Bxf2 $2 18. Nxf5 Kh8 19. Bg4 $18) 18. Rhf1 a6 {Hoping for ...b5.} ({Worse is} 18... Bxd5 19. cxd5 Qxd5 20. d4 $14) 19. Nf3 b5 ({Weaker is} 19... Bxd5 20. cxd5 Nb8 21. Qc2 $16) 20. Qc2 Bxd5 ({Better is} 20... Rab8 $19 21. Kb1 Kg7) 21. cxd5 Qxd5 22. Kb1 Rad8 23. a3 Bb6 24. Rc1 Rd6 25. Qc3 (25. g3 $17) 25... Kh8 $19 26. g4 a5 {[%cal Ba6a5,Ba5a4][%mdl 32]} 27. h4 Bd4 28. Qc2 Bb6 (28... Ba7 $17 {...a4 is the strong threat.} 29. Bd1 Bb6) 29. g5 $2 (29. Qc3 $1 $11) 29... f5 $36 {[%mdl 2048] White is under strong pressure.} 30. Qc3 (30. h5 $17) 30... a4 $19 31. h5 Bd4 32. Nxd4 Nxd4 33. Bd1 Rc6 34. Qb4 (34. Qd2 {might work better.}) 34... Rxc1+ 35. Kxc1 c5 36. Qa5 (36. Qc3) 36... Qa2 {Weighted Error Value: White=0.55/Black=0.24} 0-1

[Event "Uruguayan-ch Final 2021"]
[Site "Montevideo"]
[Date "2021.11.26"]
[Round "5.3"]
[White "Coppola, Claudio"]
[Black "Ulaneo, Nicolas"]
[Result "1-0"]
[WhiteElo "2248"]
[BlackElo "2164"]
[Annotator "ChessBase"]
[PlyCount "107"]
[EventDate "2021.11.22"]
[EventType "tourn"]
[EventCountry "URU"]
[SourceTitle "playchess.com"]
[Source "ChessBase"]
[SourceQuality "1"]
[TimeControl "40/5400+30:1800+30"]

1. d4 {[%emt 0:00:45]} Nf6 {[%emt 0:00:10]} 2. c4 {[%emt 0:00:13]} e6 {[%emt 0:00:14]} 3. g3 {[%emt 0:00:11]} Bb4+ {[%emt 0:00:19]} 4. Nd2 {[%emt 0:00:58]} O-O {[%emt 0:01:23]} 5. Bg2 {[%emt 0:03:14]} Re8 {[%emt 0:10:45]} 6. Ngf3 {[%emt 0:00:27]} Nc6 {[%emt 0:00:09]} 7. O-O {[%emt 0:00:39]} d5 {[%emt 0:03:14]} 8. Qc2 {[%emt 0:02:39]} e5 {[%emt 0:08:10]} 9. dxe5 {[%emt 0:03:01]} Nxe5 {[%emt 0:00:24]} 10. Nxe5 {[%emt 0:00:07]} Rxe5 {[%emt 0:01:07]} 11. Nf3 {[%emt 0:00:49]} Re8 {[%emt 0:03:18]} 12. cxd5 {[%emt 0:22:50]} Qxd5 {[%emt 0:01:56]} 13. Ng5 {[%emt 0:00:30]} Qc5 {[%emt 0:02:53]} 14. Qb3 {[%emt 0:01:54]} Qe7 {[%emt 0:01:49]} 15. e4 {[%emt 0:08:22]} Bc5 {[%emt 0:09:53]} 16. e5 {[%emt 0:04:51]} Ng4 {[%emt 0:01:02]} 17. Qc2 {[%emt 0:00:46]} g6 {[%emt 0:01:30]} 18. Ne4 {[%emt 0:00:28]} Bb6 {[%emt 0:07:55]} 19. h3 {[%emt 0:01:45]} Qxe5 {[%emt 0:10:54]} 20. hxg4 {[%emt 0:01:08]} Bxg4 {[%emt 0:00:03]} 21. Bf4 {[%emt 0:08:44]} Qf5 {[%emt 0:00:36]} 22. Rfe1 {[%emt 0:01:53]} Re6 {[%emt 0:06:08]} 23. Qc3 {[%emt 0:02:43]} Rd8 {[%emt 0:03:02]} 24. Ng5 {[%emt 0:04:12]} Bd4 {[%emt 0:04:13]} 25. Qxc7 {[%emt 0:01:37]} Bb6 {[%emt 0:06:15]} 26. Nxe6 {[%emt 0:15:07]} Bxc7 {[%emt 0:01:13]} 27. Nxd8 {[%emt 0:01:05]} Bxf4 {[%emt 0:08:05]} 28. Re8+ {[%emt 0:00:38]} Kg7 {[%emt 0:00:04]} 29. Re7 {[%emt 0:00:25]} Be5 {[%emt 0:03:47]} 30. Rxf7+ {[%emt 0:01:11]} Qxf7 {[%emt 0:00:05]} 31. Nxf7 {[%emt 0:00:02]} Kxf7 {[%emt 0:00:05]} 32. Bxb7 {[%emt 0:00:43]} Bxb2 {[%emt 0:00:12]} 33. Rb1 {[%emt 0:00:11]} Be5 {[%emt 0:02:13]} 34. Bd5+ {[%emt 0:00:11]} Kf6 {[%emt 0:00:12]} 35. Rb7 {[%emt 0:00:17]} Bd4 {[%emt 0:01:27]} 36. Rxh7 {[%emt 0:00:12]} Ke5 {[%emt 0:02:10]} 37. Bc6 {[%emt 0:01:14]} Be6 {[%emt 0:00:27]} 38. a4 {[%emt 0:00:30]} a5 {[%emt 0:00:50]} 39. Kg2 {[%emt 0:00:54]} Kd6 {[%emt 0:00:22]} 40. Be8 {[%emt 0:00:39]} Bd5+ {[%emt 0:00:53]} 41. f3 {[%emt 0:30:56]} g5 {[%emt 0:30:30]} 42. Bf7 {[%emt 0:11:30]} Bc6 {[%emt 0:00:42]} 43. Rh6+ {[%emt 0:00:00]} Kc5 {[%emt 0:00:00]} 44. Rg6 {[%emt 0:00:00]} Bxa4 {[%emt 0:00:00]} 45. Rxg5+ {[%emt 0:00:00]} Kb4 {[%emt 0:00:00]} 46. Rd5 {[%emt 0:00:00]} Bc5 {[%emt 0:00:00]} 47. g4 {[%emt 0:00:00]} Bc2 {[%emt 0:00:00]} 48. g5 {[%emt 0:00:00]} Be3 {[%emt 0:00:00]} 49. g6 {[%emt 0:00:00]} Bh6 {[%emt 0:00:00]} 50. Rd8 {[%emt 0:00:00]} a4 {[%emt 0:00:00]} 51. Rh8 {[%emt 0:00:00]} Bg7 {[%emt 0:00:00]} 52. Rg8 {[%emt 0:00:00]} Bf6 {[%emt 0:00:00]} 53. g7 {[%emt 0:00:00]} Ka3 {[%emt 0:04:02]} 54. Rc8 {[%emt 0:00:00]} 1-0

[Event "Uruguayan-ch Final 2021"]
[Site "Montevideo"]
[Date "2021.11.26"]
[Round "5.4"]
[White "Diaz Hollemaert, Nahuel"]
[Black "Hoffman, Alejandro"]
[Result "1-0"]
[WhiteElo "2441"]
[BlackElo "2440"]
[Annotator "TA"]
[PlyCount "116"]
[EventDate "2021.11.22"]
[EventType "tourn"]
[EventCountry "URU"]
[SourceTitle "playchess.com"]
[Source "ChessBase"]
[SourceQuality "1"]

{[%evp 10,116,2,0,0,0,-7,-31,-15,-25,-27,-21,-29,-37,-26,-39,-33,-65,7,0,0,0,0,0,0,0,0,0,98,113,124,127,108,119,111,103,109,62,116,111,108,100,120,94,95,64,181,185,173,185,182,171,175,165,278,274,281,279,264,30,244,239,283,289,560,552,543,527,644,608,651,625,655,652,1480,1235,1562,1496,1235,1235,1404,1183,998,980,750,164,164,29,29,14,29971,29975,29976,29977,29977,29977,29978,29979,29978,29978,29977,29979,29978,29980,29980,29980,29980,29981,29989]} 1. Nf3 g6 2. g3 Bg7 3. Bg2 d5 4. O-O e5 5. d3 Ne7 6. c4 O-O {A07: Réti Opening: New York and Capablanca Systems.} 7. cxd5 Nxd5 8. Qb3 Ne7 {Black is slightly better.} 9. Nc3 Nbc6 {[#]} 10. Bd2 $146 ({Predecessor:} 10. Ne4 h6 11. Re1 b6 12. Bd2 a5 13. Rac1 Be6 14. Qa4 Rc8 15. Be3 Bd7 16. Qb3 {0-1 (61) Habibi,A (2258)-Mohr,G (2443) Acqui Terme 2015}) 10... h6 11. Rfc1 a5 12. Qd1 Be6 13. a3 g5 (13... Nd4 $15 14. Nxd4 exd4) 14. Rab1 Qd7 15. b4 axb4 16. axb4 Nd4 17. b5 Bh3 18. Bxh3 Nxf3+ (18... Qxh3 $11 19. Nxd4 exd4) 19. Kg2 $1 $16 Nh4+ 20. gxh4 g4 {[#]} 21. Bxg4 Qxg4+ {[%mdl 64] Double Attack} 22. Kh1 Qxh4 23. Qg1 f5 (23... Qh3 $14) 24. Qg2 $1 {Hoping for Nd5.} c6 25. bxc6 bxc6 26. Rg1 $1 {[%csl Gg1][%cal Rg2g7]} Rf7 27. Nb5 $40 {[%cal Bc3b5,Bb5d6,Bd6f5][%mdl 160] Strongly threatening Nd6. White has some attack.} Ra4 (27... Rd8 $14) 28. Nd6 $18 Rg4 {[#]} 29. Nxf5 $1 {[%mdl 512]} Rxg2 {[%csl Gh4][%cal Rg2h2]} 30. Nxh4 Rgxf2 31. Bxh6 $1 Nd5 (31... Nf5 {keeps fighting.}) 32. Nf3 ({Don't do} 32. e4 $6 Nc3 $18) 32... Kh7 33. Bd2 Bf6 34. Rg3 $2 ({White should play} 34. Rbe1 $18) 34... Rg7 $2 (34... Rxe2 $11 {and Black is okay.} 35. Rc1 Rg7) 35. Re1 Rxg3 36. hxg3 e4 $2 {[#]} (36... Bd8 37. Kg1 Bb6) 37. Kg1 $1 Rxf3 (37... Rxe2 38. Rxe2) 38. exf3 exd3 {[%mdl 4096] Endgame KRB-KBN} 39. Kg2 c5 {intending ...c4.} 40. Rc1 Bd4 41. f4 $1 Be3 42. Bxe3 Nxe3+ {KR-KN} 43. Kf3 Nc2 44. Ke4 c4 45. Rd1 Kg6 46. g4 Kf6 47. g5+ $2 (47. Rf1 d2 48. Rd1) 47... Kg6 48. Rb1 (48. Rg1 $18 d2 49. f5+ Kg7 50. Rd1) 48... d2 $11 49. Rb6+ (49. Rd1 {looks sharper.} c3 50. Kd3 Nb4+ 51. Kxc3 Nd5+ 52. Kxd2 Nxf4 53. Rf1) 49... Kf7 $2 {[%mdl 8192]} (49... Kg7 $11 50. Rb1 Kg6) 50. Rd6 {White mates.} c3 {[#]} 51. g6+ $1 Ke7 {[#]} 52. g7 $1 {[%cal Rg7g8][%mdl 512]} Kf7 53. Rd7+ Kg8 54. f5 Nd4 55. f6 Ne6 56. Ke3 Kh7 57. Ke2 Nf4+ 58. Kd1 Ng2 {Weighted Error Value: White=0.29/Black=0.44} 1-0

[Event "Uruguayan-ch Final 2021"]
[Site "Montevideo"]
[Date "2021.11.26"]
[Round "5.5"]
[White "Michailov, Matias"]
[Black "Roselli Mailhe, Bernardo"]
[Result "0-1"]
[WhiteElo "2262"]
[BlackElo "2428"]
[Annotator "TA"]
[PlyCount "92"]
[EventDate "2021.11.22"]
[EventType "tourn"]
[EventCountry "URU"]
[SourceTitle "playchess.com"]
[Source "ChessBase"]
[SourceQuality "1"]

{[%evp 16,92,49,20,91,78,108,97,89,57,59,45,45,53,56,56,72,74,103,104,111,50,50,43,50,54,59,50,45,50,93,29,49,20,15,19,50,50,50,42,42,42,50,42,57,35,37,0,0,0,0,0,0,0,0,0,0,-23,-15,-16,-5,-45,-45,-52,-45,-45,-45,-45,0,-12,-12,-12,-12,-12,-12,-14,-14,-231,-232]} 1. d4 Nf6 2. Nf3 d6 3. c4 c6 4. Nc3 Nbd7 5. e4 e5 6. Be2 Be7 7. O-O O-O 8. Re1 a6 9. d5 c5 {A55: Old Indian Defence with Nf3 and e4.} (9... cxd5 $11 10. exd5 h6) 10. a3 Ne8 11. b4 {[#]} a5 $146 {White is better.} ({Predecessor:} 11... b6 12. Rb1 g6 13. Bh6 Ng7 14. bxc5 bxc5 15. Qd2 Nf6 16. Qb2 Bd7 17. Qb6 Qxb6 18. Rxb6 {0-1 (56) Lenic,L (2659)-Haddouche,M (2508) Tromsoe 2014}) 12. bxc5 Nxc5 13. Be3 b6 14. Rb1 Bd7 15. Qc2 g6 16. Rb2 Ng7 17. Reb1 Ra6 18. Bxc5 (18. Ne1 $16) 18... bxc5 $14 19. Rb7 Bc8 20. Rb8 Qc7 21. R1b2 Nh5 22. Qb1 Nf6 23. R8b6 ({Better is} 23. Bd1 $16) 23... Nd7 24. Rxa6 (24. Rb7 {seems wilder.} Qd8 25. R7b5 Ra8 26. Nd2 Bg5 27. a4) 24... Bxa6 25. Nb5 Bxb5 26. Rxb5 Rb8 27. h4 Bd8 28. g3 Rb6 29. Bd1 Qb8 30. Rxb6 (30. Qb3 {is interesting.} Nf6 31. Nd2 Qc7 32. Kg2 Qa7 33. Qd3) 30... Qxb6 31. Qxb6 (31. Qc1 {with more complications.} Qb7 32. Nd2 Nf6 33. Kg2 Kg7 34. Ba4) 31... Nxb6 {[%mdl 4096] Endgame KBN-KBN} 32. Be2 f5 33. Nd2 Kf7 34. Bd3 Kf6 35. Kg2 Na4 36. f3 Nb2 37. Be2 a4 38. Nb1 Ba5 39. Kh3 h5 40. Kg2 Be1 41. Kh3 $1 g5 42. hxg5+ Kxg5 {...f4 is the strong threat.} 43. Kg2 Kf6 44. Kh3 Kg6 45. Kg2 $1 Kg5 46. Kh3 $2 {[#]} (46. Kf1 $1 $11 {and White stays safe.} Ba5 47. Kf2) 46... f4 {Weighted Error Value: White=0.18/Black=0.13} 0-1

[Event "Uruguayan-ch Final 2021"]
[Site "Montevideo"]
[Date "2021.11.26"]
[Round "5.6"]
[White "Larrea, Manuel"]
[Black "Vazquez, Facundo"]
[Result "1-0"]
[WhiteElo "2222"]
[BlackElo "2163"]
[Annotator "ChessBase"]
[PlyCount "65"]
[EventDate "2021.11.22"]
[EventType "tourn"]
[EventCountry "URU"]
[SourceTitle "playchess.com"]
[Source "ChessBase"]
[SourceQuality "1"]
[TimeControl "40/5400+30:1800+30"]

1. e4 {[%emt 0:06:36]} e6 {[%emt 0:00:08]} 2. d4 {[%emt 0:00:09]} d5 {[%emt 0:00:08]} 3. Nc3 {[%emt 0:00:03]} Nf6 {[%emt 0:00:10]} 4. e5 {[%emt 0:00:09]} Nfd7 {[%emt 0:00:06]} 5. f4 {[%emt 0:00:10]} c5 {[%emt 0:00:07]} 6. Nf3 {[%emt 0:00:04]} Nc6 {[%emt 0:00:09]} 7. Be3 {[%emt 0:00:07]} Be7 {[%emt 0:00:09]} 8. Qd2 {[%emt 0:00:40]} O-O {[%emt 0:00:09]} 9. Be2 {[%emt 0:00:34]} b6 {[%emt 0:03:04]} 10. O-O {[%emt 0:02:33]} f5 {[%emt 0:01:51]} 11. Rfd1 {[%emt 0:05:48]} Kh8 {[%emt 0:07:01]} 12. a4 {[%emt 0:01:02]} Bb7 {[%emt 0:01:51]} 13. a5 {[%emt 0:07:21]} bxa5 {[%emt 0:08:48]} 14. Na4 {[%emt 0:04:12]} Nxd4 {[%emt 0:06:22]} 15. Nxd4 {[%emt 0:04:11]} cxd4 {[%emt 0:00:09]} 16. Bxd4 {[%emt 0:00:57]} Bc6 {[%emt 0:02:23]} 17. Qe3 {[%emt 0:15:27]} Rb8 {[%emt 0:05:57]} 18. b3 {[%emt 0:13:44]} Rb4 {[%emt 0:04:52]} 19. Nb2 {[%emt 0:02:12]} Rxd4 {[%emt 0:01:39]} 20. Rxd4 {[%emt 0:00:10]} Bc5 {[%emt 0:00:07]} 21. c3 {[%emt 0:09:46]} Qb6 {[%emt 0:02:40]} 22. Bd1 {[%emt 0:00:08]} Rc8 {[%emt 0:02:36]} 23. h3 {[%emt 0:02:39]} Bb5 {[%emt 0:02:54]} 24. g4 {[%emt 0:05:04]} fxg4 {[%emt 0:06:33]} 25. Bxg4 {[%emt 0:01:56]} Nb8 {[%emt 0:04:27]} 26. Rad1 {[%emt 0:07:03]} Bxd4 {[%emt 0:04:45]} 27. cxd4 {[%emt 0:00:39]} Rc2 {[%emt 0:00:21]} 28. Na4 {[%emt 0:04:46]} Bxa4 {[%emt 0:03:18]} 29. bxa4 {[%emt 0:00:01]} Rc4 {[%emt 0:06:58]} 30. f5 {[%emt 0:01:54]} exf5 {[%emt 0:01:04]} 31. e6 {[%emt 0:00:30]} Qd8 {[%emt 0:02:53]} 32. e7 {[%emt 0:00:51]} Qe8 {[%emt 0:00:12]} 33. Bh5 {[%emt 0:00:07]} 1-0

[Event "Uruguayan-ch Final 2021"]
[Site "Montevideo"]
[Date "2021.11.27"]
[Round "6.1"]
[White "Rodi, Luis Ernesto"]
[Black "Vazquez, Facundo"]
[Result "0-1"]
[WhiteElo "2358"]
[BlackElo "2163"]
[Annotator "TA"]
[PlyCount "102"]
[EventDate "2021.11.22"]
[EventType "tourn"]
[EventCountry "URU"]
[SourceTitle "playchess.com"]
[Source "ChessBase"]
[SourceQuality "1"]

{[%evp 10,102,15,18,17,11,8,15,26,1,37,32,28,26,43,33,37,20,27,17,31,12,31,0,0,-15,-22,-29,-18,-27,0,-2,-10,-295,-267,-282,-278,-296,-287,-295,-288,-279,-197,-210,-187,-181,-184,-341,-315,-394,-402,-447,-448,-416,-405,-489,-483,-477,-483,-458,-314,-625,-514,-500,-443,-435,-425,-431,-424,-393,-402,-521,-522,-523,-506,-2116,-915,-908,-899,-881,-850,-6070,-6019,-29991,-29992,-29992,-29993,-29993,-29994,-29997,-5783,-5214,-4818,-1582,-1557]} 1. c4 e5 2. Nc3 Nf6 3. g3 d5 4. cxd5 Nxd5 5. Bg2 Nb6 6. e3 Be7 {A22: English Opening: 1...e5 2 Nc3 Nf6.} 7. Nge2 O-O 8. O-O c6 {The position is equal.} 9. f4 exf4 10. Nxf4 N8d7 11. d4 c5 12. b3 cxd4 13. exd4 Nf6 {[#]} 14. Bb2 $146 ({Predecessor:} 14. Qd3 g6 15. Bb2 Bf5 16. Qd2 Qd7 17. d5 Rac8 18. Kh1 Ne8 19. Nfe2 Rd8 20. Rae1 {1-0 (53) Rastbod,A (2205)-Salar,M (2249) Qaem Shahr 2019}) 14... Bg4 15. Qd2 Qd7 16. Nd1 Nbd5 17. Nd3 Bh3 18. Ne5 Qe6 19. Bxh3 Qxh3 20. Nf2 Qe6 21. Rae1 $2 {[%mdl 8192] Now White is beyond hope.} (21. Nfd3 $11) 21... Bb4 $19 {[%mdl 64] [#] Skewer} 22. Qd1 Bxe1 23. Rxe1 Rfe8 24. Nfd3 Qd6 25. Qf3 b6 26. g4 h6 27. h4 {With the idea g5.} Nb4 28. Nf2 (28. Nxb4 {only move.} Qxb4 29. Rf1) 28... Qd5 {[#] ...Rxe5! is the strong threat.} 29. Qf4 Nd7 30. g5 hxg5 31. hxg5 Rad8 32. Re3 Nxe5 33. dxe5 Qd2 {White must now prevent ...Nd5.} 34. g6 Rf8 35. Ba3 $2 (35. Rf3 Qxf4 36. Rxf4) 35... fxg6 36. Qc4+ Nd5 37. Bxf8 Qxe3 38. Bd6 Qe1+ 39. Kg2 Qd2 40. a4 g5 41. Kg1 Kh8 42. Nd3 (42. Qd3 $142 Qxd3 43. Nxd3) 42... Qe3+ (42... Ne3 $142 43. Qe4 Qe2 44. Qh1+ Kg8) 43. Kf1 Nf4 44. Nf2 g4 {( -> ...g3)} 45. e6 Rxd6 46. e7 Re6 {[%csl Ge6][%cal Re3e1]} 47. Qc8+ Kh7 {[%csl Ge6][%cal Re3e1]} 48. Qc2+ g6 {[%csl Ge6][%cal Re3e1]} 49. Qd1 Qe2+ (49... g3 $142 50. Qd2 Qxd2 51. Nh1 Qg2#) 50. Qxe2 Nxe2 51. Nxg4 Rxe7 {Weighted Error Value: White=0.85/Black=0.21} 0-1

[Event "Uruguayan-ch Final 2021"]
[Site "Montevideo"]
[Date "2021.11.27"]
[Round "6.2"]
[White "Roselli Mailhe, Bernardo"]
[Black "Larrea, Manuel"]
[Result "1-0"]
[WhiteElo "2428"]
[BlackElo "2222"]
[Annotator "TA"]
[PlyCount "79"]
[EventDate "2021.11.22"]
[EventType "tourn"]
[EventCountry "URU"]
[SourceTitle "playchess.com"]
[Source "ChessBase"]
[SourceQuality "1"]

{[%evp 25,79,18,32,16,60,63,77,62,60,52,100,75,113,42,52,51,35,31,27,18,87,100,114,28,32,30,110,108,121,14,18,16,13,22,38,37,162,38,38,38,59,12,126,123,149,90,170,84,910,867,2109,2102,1786,909,1193,1111]} 1. d4 Nf6 2. c4 g6 3. Nc3 Bg7 4. e4 d6 5. Nf3 O-O 6. Be2 e5 7. d5 a5 8. Bg5 h6 9. Bh4 Na6 10. Nd2 Bd7 11. O-O Qe8 12. b3 Nh7 13. a3 f5 {[#] aiming for ...g5.} 14. f3 {[#] E92: King's Indian: Classical: 6 Be2 e5: 7 dxe5, 7 Be3 and Petrosian System without 7...Nbd7.} Rf7 $146 ({Predecessor:} 14... Nf6 15. Rb1 Nc5 16. Qc2 h5 17. b4 axb4 18. axb4 Na6 19. Bf2 Bh6 20. c5 Bxd2 21. Qxd2 f4 {0-1 (51) Kraai,J (2429)-Djukic,N (2525) Chess.com INT 2020}) 15. Rb1 Bf8 16. b4 {White is better.} axb4 17. axb4 Rg7 18. Bf2 f4 19. b5 (19. Qb3 $16) 19... Nc5 $14 20. b6 cxb6 21. Rxb6 Qc8 22. Nb3 {Nxc5 is the strong threat.} Na4 (22... Ba4 $11 {remains equal.}) 23. Nxa4 $16 Bxa4 24. c5 (24. Qb1 $16) 24... Nf6 $1 $11 {[%cal Rf6d7] White should prevent ...Nd7.} 25. Bb5 $36 {[%mdl 2048] White has the initiative.} Nd7 (25... Bxb5 $11 26. Rxb5 g5) 26. Bxd7 $16 Rxd7 27. cxd6 ({White must play} 27. Qd3 $16) 27... Rxd6 $11 28. Qd3 Rxb6 29. Bxb6 Bxb3 30. Qxb3 {[#] Hoping for d6+.} Bc5+ (30... Bd6 $14) 31. Kh1 (31. Bxc5 $18 Qxc5+ 32. Kh1) 31... Bd6 $1 $14 32. h3 h5 33. Bf2 Rb8 (33... g5 $1 $11) 34. Qb6 $16 Qd7 35. Rc1 (35. Bc5 $142 Bxc5 36. Qxc5 (36. Qxg6+ $2 Qg7 $17)) 35... Kf7 (35... g5 $16) 36. Be1 (36. Bc5 $18 Bc7 37. Qb3) 36... g5 $2 {[%mdl 8192]} (36... Qd8 $16 37. Qa7 Kg8) 37. Bb4 $18 {White is clearly winning.} Rd8 38. Bxd6 Qxd6 39. Rc7+ Ke8 40. Qxb7 {Weighted Error Value: White=0.43/Black=0.39} 1-0

[Event "Uruguayan-ch Final 2021"]
[Site "Montevideo"]
[Date "2021.11.27"]
[Round "6.3"]
[White "Hoffman, Alejandro"]
[Black "Michailov, Matias"]
[Result "1/2-1/2"]
[WhiteElo "2440"]
[BlackElo "2262"]
[Annotator "TA"]
[PlyCount "99"]
[EventDate "2021.11.22"]
[EventType "tourn"]
[EventCountry "URU"]
[SourceTitle "playchess.com"]
[Source "ChessBase"]
[SourceQuality "1"]

{[%evp 19,99,39,46,39,27,10,22,30,26,27,39,37,39,20,20,26,27,22,26,17,20,20,14,14,14,12,21,14,14,14,19,10,11,7,7,6,6,6,7,7,6,6,7,5,6,6,25,10,10,0,0,0,0,0,0,0,6,6,6,6,6,6,6,6,6,6,6,6,6,6,6,6,6,6,6,6,6,6,6,0,0,0]} 1. d4 Nf6 2. Nf3 e6 3. e3 c5 4. c4 d5 5. cxd5 exd5 6. Be2 Nc6 7. O-O Bd6 8. dxc5 Bxc5 9. a3 O-O 10. Nc3 Bg4 11. b4 {D32: Tarrasch Defence: Sidelines and lines without g3.} Bd6 12. Nb5 Bb8 13. Bb2 a6 14. Nbd4 Qd6 {[#] Strongly threatening ...Nxd4.} 15. Nxc6 $146 ({Predecessor:} 15. g3 Ne4 16. Rc1 Ne7 17. Nh4 Bxe2 18. Qxe2 f5 19. Ng2 Qd7 20. Nf3 Nc6 21. Rfd1 {1-0 (66) Krajcsovits,M-Jongsma,A Helsinki 1961}) 15... bxc6 16. Be5 Qe7 {...Bxf3 is the strong threat.} 17. Bxb8 Rfxb8 18. Nd4 Bd7 19. Qc2 a5 20. Nxc6 Bxc6 21. Qxc6 axb4 22. axb4 Rxa1 23. Rxa1 {[#] And now b5 would win.} Qxb4 24. Rd1 h6 25. h3 (25. Bf3 {seems wilder.} Qc4 26. Qd6 Rc8 27. h3 Qc2 28. Rf1) 25... Qb6 26. Qxb6 (26. Qa4 {feels hotter.} Ne4 27. Qc2 Qb2 28. Qxb2 Rxb2 29. Bf3) 26... Rxb6 $11 {[%mdl 4096] Endgame KRB-KRN} 27. Bf3 Rb5 28. g4 Kf8 29. Kg2 Ke7 30. Rd4 Ke6 31. h4 Ke5 32. Ra4 Rb2 33. Ra7 Ke6 {The position is equal.} 34. g5 hxg5 35. hxg5 Ne4 36. Bxe4 dxe4 {KR-KR} 37. g6 fxg6 38. Rxg7 Kf6 39. Rg8 Ra2 40. Kg3 Ra1 41. Rb8 Kf5 42. Rb5+ Kf6 43. Kf4 Ra2 44. Rb6+ Kf7 45. Kg3 Ra5 46. Rb4 Rg5+ 47. Kh3 Re5 48. Kg4 Rf5 49. Rxe4 {Threatens to win with Rf4.} Rxf2 50. Rf4+ {Weighted Error Value: White=0.03/Black=0.01} 1/2-1/2

[Event "Uruguayan-ch Final 2021"]
[Site "Montevideo"]
[Date "2021.11.27"]
[Round "6.4"]
[White "Ulaneo, Nicolas"]
[Black "Diaz Hollemaert, Nahuel"]
[Result "1/2-1/2"]
[WhiteElo "2164"]
[BlackElo "2441"]
[Annotator "TA"]
[PlyCount "97"]
[EventDate "2021.11.22"]
[EventType "tourn"]
[EventCountry "URU"]
[SourceTitle "playchess.com"]
[Source "ChessBase"]
[SourceQuality "1"]

{[%evp 9,97,0,0,0,6,-2,13,-8,-3,-8,-8,-8,-2,-3,-12,-20,-12,-40,-39,-32,-19,-30,-29,-33,-41,-37,-31,-39,-39,-43,-47,-43,-2,-16,-11,-18,-15,-23,-28,-41,-39,-44,-39,-32,-36,-38,-8,-8,-8,-11,-10,-10,0,0,0,0,0,0,0,-18,-9,-9,-8,-8,-8,-8,-8,-9,-10,-16,-15,-17,-8,-23,0,0,0,0,0,0,0,0,0,0,0,0,0,0,8,0]} 1. e4 c5 2. Nc3 a6 3. a4 Nc6 4. g3 g6 5. Bg2 Bg7 6. d3 {B23: Closed Sicilian: Lines without g3.} d6 7. Be3 Nf6 8. h3 O-O 9. Nge2 Rb8 10. f4 Nd7 11. O-O b5 12. axb5 axb5 13. e5 {[#]} b4 $1 14. Bxc6 {Hoping for Nb5.} bxc3 {[#]} 15. bxc3 $146 ({Predecessor:} 15. b3 dxe5 16. Bg2 exf4 17. Bxf4 Ne5 18. Ra7 Bd7 19. Ra2 Rc8 20. Nxc3 Bc6 21. Ne4 {½-½ (58) Eremin,N (2212)-Bellegotti,G (2108) ICCF email 2014}) 15... dxe5 16. fxe5 Nxe5 17. Bg2 Bb7 18. Nf4 ({Don't go for} 18. Bxc5 $2 Bxg2 19. Kxg2 Qd5+ 20. Kh2 Nf3+ 21. Rxf3 Qxf3 $19) 18... Bxg2 19. Nxg2 Qc8 20. Kh2 Rd8 21. Qe2 Nd7 22. Bf4 e5 23. Bg5 f6 24. Bc1 f5 25. Bg5 Re8 26. Ra7 Qc6 27. Rfa1 e4 {Strongly threatening ...exd3.} 28. R1a6 Rb6 29. Rxb6 Nxb6 30. dxe4 Rxe4 31. Qa6 c4 32. Be3 $1 {Black must now prevent Rb7.} Re6 33. Rb7 {[%cal Rb7b6]} Nc8 34. Qa8 {[#]} Re7 $1 35. Rb8 Qxa8 36. Rxa8 Re8 37. Bd4 Nd6 38. Rxe8+ Nxe8 $11 {[%mdl 4096] Endgame KBN-KBN} 39. Ne3 Nd6 40. Kg2 Kf7 41. Kf3 Bxd4 42. cxd4 {KN-KN. The position is equal.} Nb5 43. c3 Nxc3 44. Nxc4 Ke6 45. g4 fxg4+ 46. Kxg4 Kd5 47. Ne5 Ne4 48. Nf3 h6 49. Kf4 {Weighted Error Value: White=0.04/Black=0.03} 1/2-1/2